[Event "PER-ch"]
[Site "Lima"]
[Date "2023.09.03"]
[Round "8"]
[White "Astoyauri De la Cruz, Fernando Isaac"]
[Black "Enciso Mamani, Aaron"]
[Result "1-0"]
[WhiteElo "1486"]
[BlackElo "1258"]
[PlyCount "95"]
[EventDate "2023.08.29"]
[EventType "swiss"]
[EventRounds "9"]
[EventCountry "PER"]
[SourceTitle "CBM 216 Extra"]
[Source "ChessBase"]
[SourceDate "2023.11.30"]
[SourceVersion "1"]
[SourceVersionDate "2023.11.30"]
[SourceQuality "1"]

1. e4 c5 2. Nf3 e6 3. d3 Nf6 4. g3 Be7 5. Bg2 Nc6 6. 0-0 0-0 7. Ng5 d5 8. Nd2 h6 9. Nh3 dxe4 10. dxe4 e5 11. c3 Be6 12. f3 Qb6 13. Nf2 Rfd8 14. Qe2 Nd7 15. f4 f5 16. exf5 Bxf5 17. Bxc6 Qxc6 18. fxe5 Nf8 19. Re1 Ne6 20. Qf3 Qxf3 21. Nxf3 c4 22. Be3 Nc5 23. Bd4 Nd3 24. Nxd3 Bxd3 25. e6 Bf6 26. Bxf6 gxf6 27. Nd4 a6 28. Re3 Re8 29. g4 Rad8 30. Kf2 Rd5 31. Rg1 Kg7 32. Kf3 Re5 33. Kf4 Ra5 34. a3 Kg6 35. h4 Rd5 36. h5+ Kh7 37. Nf5 b5 38. e7 a5 39. Re6 Bxf5 40. gxf5 Rd7 41. Rg6 Rdxe7 42. Rgxf6 Rxe6 43. fxe6 Re7 44. Ke5 b4 45. axb4 axb4 46. cxb4 c3 47. bxc3 Rb7 48. Rf7+ 1-0

[Event "PER-ch"]
[Site "Lima"]
[Date "2023.08.30"]
[Round "3"]
[White "Enciso Mamani, Aaron"]
[Black "Sardon Aragon, Alejandro Ulysses"]
[Result "1-0"]
[WhiteElo "1258"]
[BlackElo "1085"]
[PlyCount "67"]
[EventDate "2023.08.29"]
[EventType "swiss"]
[EventRounds "9"]
[EventCountry "PER"]
[SourceTitle "CBM 216 Extra"]
[Source "ChessBase"]
[SourceDate "2023.11.30"]
[SourceVersion "1"]
[SourceVersionDate "2023.11.30"]
[SourceQuality "1"]

1. e4 c5 2. Nf3 d6 3. d4 cxd4 4. Nxd4 Nf6 5. Nc3 g6 6. f3 Bg7 7. Be3 0-0 8. Qd2 Nc6 9. 0-0-0 Nxd4 10. Bxd4 Be6 11. Bd3 Qa5 12. Kb1 Rfc8 13. a3 Rab8 14. Ne2 Qa4 15. Qb4 Qxb4 16. axb4 b6 17. Ba6 Rc7 18. e5 Nd5 19. exd6 exd6 20. Bxg7 Kxg7 21. c3 Ne3 22. Rxd6 Nxg2 23. Nd4 Re8 24. Bb5 Ree7 25. Nc6 Bf5+ 26. Kc1 Re1+ 27. Rxe1 Nxe1 28. Be2 Nd3+ 29. Bxd3 Bxd3 30. Nxa7 Be2 31. Nc6 Bxf3 32. Nd4 Bg2 33. Rxb6 f5 34. Ne6+ 1-0